[Event "Mecklenburg VP Verbandsliga 2122"]
[Site "Mecklenburg VP"]
[Date "2021.10.24"]
[Round "1.2"]
[White "Schulz, Daniel1"]
[Black "Sonnenberger, Joerg"]
[Result "1-0"]
[WhiteElo "1817"]
[BlackElo "2076"]
[PlyCount "29"]
[EventDate "2021.10.24"]
[EventType "team-tourn"]
[EventRounds "9"]
[EventCountry "GER"]
[SourceTitle "EXT 2024"]
[Source "ChessBase"]
[SourceDate "2023.10.10"]
[SourceVersion "1"]
[SourceVersionDate "2023.10.10"]
[SourceQuality "1"]
[WhiteTeam "Neubrandenburg SG Eintracht"]
[BlackTeam "Think Rochade"]
[WhiteTeamCountry "GER"]
[BlackTeamCountry "GER"]

1. e4 c5 2. c3 d5 3. exd5 Qxd5 4. d4 Nc6 5. Nf3 Bg4 6. Be2 Nf6 7. 0-0 e6 8. Be3 cxd4 9. cxd4 Be7 10. Nc3 Qd7 11. h3 Bh5 12. Ne5 Nxe5 13. dxe5 Qxd1 14. Bxd1 Bxd1 15. exf6 1-0

[Event "Oberliga Nord N 1213"]
[Site "Germany"]
[Date "2013.02.03"]
[Round "6.4"]
[White "Dietz, Juergen"]
[Black "Sonnenberger, Joerg"]
[Result "1/2-1/2"]
[WhiteElo "2202"]
[BlackElo "2079"]
[PlyCount "41"]
[EventDate "2012.10.14"]
[EventType "team-tourn"]
[EventRounds "9"]
[EventCountry "GER"]
[SourceTitle "EXT 2015"]
[Source "ChessBase"]
[SourceDate "2014.11.20"]
[SourceVersion "1"]
[SourceVersionDate "2014.11.20"]
[SourceQuality "1"]
[WhiteTeam "Hamburg Schachfreunde"]
[BlackTeam "Rostock"]
[WhiteTeamCountry "GER"]
[BlackTeamCountry "GER"]

1. f4 e5 2. fxe5 d6 3. exd6 Bxd6 4. Nf3 g5 5. g3 g4 6. Nh4 Ne7 7. d4 Ng6 8. Nxg6 hxg6 9. Qd3 Nc6 10. c3 Bf5 11. e4 Qe7 12. Bg2 0-0-0 13. Be3 Be6 14. Bf2 f5 15. Nd2 g5 16. e5 Bxe5 17. Bxc6 Bxg3 18. Bxb7+ Kxb7 19. Qb5+ Kc8 20. Qa6+ Kb8 21. Qb5+ 1/2-1/2

[Event "BL2-Nord 1112"]
[Site "Germany"]
[Date "2012.02.26"]
[Round "7.8"]
[White "Schoetzig, Detlef"]
[Black "Sonnenberger, Joerg"]
[Result "1/2-1/2"]
[WhiteElo "2138"]
[BlackElo "2086"]
[PlyCount "57"]
[EventDate "2011.10.02"]
[EventType "team-tourn"]
[EventRounds "9"]
[EventCountry "GER"]
[SourceTitle "EXT 2015"]
[Source "ChessBase"]
[SourceDate "2014.11.20"]
[SourceVersion "1"]
[SourceVersionDate "2014.11.20"]
[SourceQuality "1"]
[WhiteTeam "Werder Bremen II"]
[BlackTeam "Rostock"]
[WhiteTeamCountry "GER"]
[BlackTeamCountry "GER"]

1. Nf3 d5 2. d4 Nf6 3. c4 e6 4. Nc3 Be7 5. e3 0-0 6. Bd3 c5 7. cxd5 Nxd5 8. Nxd5 Qxd5 9. Qc2 g6 10. h4 cxd4 11. h5 f5 12. hxg6 hxg6 13. e4 Qc5 14. Qxc5 Bxc5 15. Ne5 Nc6 16. Nxg6 Rf6 17. exf5 exf5 18. Nf4 Ne5 19. Bc2 Nf7 20. Bb3 Bd7 21. Rh3 Re8+ 22. Kd1 Bd6 23. Bd2 Bc6 24. Rg3+ Kf8 25. Ng6+ Kg7 26. Ne5+ Kf8 27. Ng6+ Kg7 28. Ne5+ Kf8 29. Ng6+ 1/2-1/2

[Event "Mecklenburg VP VL 1112"]
[Site "Mecklenburg VP"]
[Date "2011.12.11"]
[Round "4.6"]
[White "Sonnenberger, Joerg"]
[Black "Eichstaedt, Enrico"]
[Result "1/2-1/2"]
[WhiteElo "1944"]
[BlackElo "1861"]
[PlyCount "40"]
[EventDate "2011.10.02"]
[EventType "team-tourn"]
[EventRounds "9"]
[EventCountry "GER"]
[SourceTitle "EXT 2022"]
[Source "ChessBase"]
[SourceDate "2021.10.06"]
[SourceVersion "1"]
[SourceVersionDate "2021.10.06"]
[SourceQuality "1"]
[WhiteTeam "Rostock SSC 07 II"]
[BlackTeam "Wismar ASV Gruen-Weiss"]
[WhiteTeamCountry "GER"]
[BlackTeamCountry "GER"]

1. f4 d5 2. Nf3 c5 3. e3 Nc6 4. Bb5 Bd7 5. 0-0 e6 6. b3 Bd6 7. Bb2 Nf6 8. d3 0-0 9. Nbd2 a6 10. Bxc6 Bxc6 11. Ne5 Bxe5 12. Bxe5 Qe7 13. Nf3 Nd7 14. Qe1 f6 15. Bb2 e5 16. fxe5 Nxe5 17. Nxe5 fxe5 18. Qg3 d4 19. Rae1 Rxf1+ 20. Kxf1 Rf8+ 1/2-1/2

[Event "Mecklenburg VP VL 1011"]
[Site "Mecklenburg VP"]
[Date "2011.04.10"]
[Round "?"]
[White "Borchert, Ulf"]
[Black "Sonnenberger, Joerg"]
[Result "1/2-1/2"]
[WhiteElo "1858"]
[BlackElo "1953"]
[PlyCount "117"]
[EventDate "2010.10.10"]
[EventType "team-tourn"]
[EventRounds "9"]
[EventCountry "GER"]
[SourceTitle "EXT 2022"]
[Source "ChessBase"]
[SourceDate "2021.10.06"]
[SourceVersion "1"]
[SourceVersionDate "2021.10.06"]
[SourceQuality "1"]
[WhiteTeam "Wismar ASV Gruen-Weiss"]
[BlackTeam "Rostock SSC 07 II"]
[WhiteTeamCountry "GER"]
[BlackTeamCountry "GER"]

1. d4 d5 2. Nf3 e6 3. Bg5 Be7 4. Bxe7 Nxe7 5. e3 c5 6. c3 b6 7. Bd3 Nd7 8. 0-0 Nf6 9. Ne5 0-0 10. Nd2 Bb7 11. f3 Qc7 12. g4 Nc6 13. Nxc6 Bxc6 14. f4 c4 15. Bc2 b5 16. Qf3 Rfb8 17. g5 Ne8 18. Qh3 g6 19. a3 a5 20. Nf3 Nd6 21. Ne5 Be8 22. Ng4 h5 23. gxh6 Qe7 24. Ne5 Nf5 25. e4 dxe4 26. Bxe4 Ra6 27. h7+ Kh8 28. Rfe1 f6 29. Ng4 Bd7 30. Re2 Rf8 31. Rae1 Qxh7 32. Qxh7+ Kxh7 33. d5 Kg7 34. dxe6 Rxe6 35. Bxf5 Rxe2 36. Rxe2 Bxf5 37. Re7+ Rf7 38. Rxf7+ Kxf7 39. Ne3 Ke6 40. h4 Be4 41. Kf2 Kd6 42. Ng4 Ke6 43. Ke3 Bc6 44. Kf2 Kf5 45. Kg3 a4 46. Nf2 Bd5 47. Ng4 Bb7 48. Nf2 Bc6 49. Ng4 Ke4 50. Nxf6+ Kd3 51. f5 gxf5 52. h5 b4 53. h6 bxa3 54. bxa3 Kxc3 55. h7 Kb3 56. h8Q c3 57. Qf8 c2 58. Qb4+ Ka2 59. Qc4+ 1/2-1/2

[Event "Mecklenburg VP LL 0910"]
[Site "Mecklenburg VP"]
[Date "2010.04.11"]
[Round "9.3"]
[White "Pruesse, Horst"]
[Black "Sonnenberger, Joerg"]
[Result "1-0"]
[WhiteElo "1953"]
[BlackElo "1974"]
[PlyCount "47"]
[EventDate "2009.10.18"]
[EventType "team-tourn"]
[EventRounds "9"]
[EventCountry "GER"]
[SourceTitle "EXT 2016"]
[Source "ChessBase"]
[SourceDate "2015.10.08"]
[SourceVersion "1"]
[SourceVersionDate "2015.10.08"]
[SourceQuality "1"]
[WhiteTeam "Neubrandenburg SG Eintracht"]
[BlackTeam "Rostock SSC 07 II"]
[WhiteTeamCountry "GER"]
[BlackTeamCountry "GER"]

1. e4 c5 2. d4 cxd4 3. c3 dxc3 4. Nxc3 Nc6 5. Nf3 d6 6. Bc4 e6 7. 0-0 a6 8. Qe2 Nf6 9. Rd1 Qc7 10. Bf4 e5 11. Nd5 Nxd5 12. exd5 Nb8 13. Nxe5 Qe7 14. Re1 dxe5 15. d6 Qxd6 16. Bxe5 Qe7 17. Qh5 g6 18. Qf3 Rg8 19. Bd6 Qxe1+ 20. Rxe1+ Kd8 21. Qf6+ Kd7 22. Re7+ Bxe7 23. Qxe7+ Kc6 24. Qc7# 1-0

[Event "Oberliga Nord N 0910"]
[Site "Germany"]
[Date "2010.02.28"]
[Round "7.5"]
[White "Maass, Joerg"]
[Black "Sonnenberger, Joerg"]
[Result "1-0"]
[WhiteElo "2160"]
[BlackElo "2111"]
[PlyCount "37"]
[EventDate "2009.10.18"]
[EventType "team-tourn"]
[EventRounds "9"]
[EventCountry "GER"]
[SourceTitle "EXT 2011"]
[Source "ChessBase"]
[SourceDate "2010.11.26"]
[SourceVersion "1"]
[SourceVersionDate "2010.11.26"]
[SourceQuality "1"]
[WhiteTeam "Neumuenster"]
[BlackTeam "Rostock"]
[WhiteTeamCountry "GER"]
[BlackTeamCountry "GER"]

1. d4 d5 2. c4 dxc4 3. Nf3 a6 4. a4 c5 5. d5 e6 6. Nc3 Nf6 7. e4 exd5 8. e5 d4 9. Bxc4 Ng4 10. Qb3 dxc3 11. Bxf7+ Kd7 12. Bg5 Be7 13. 0-0-0+ Kc7 14. Rxd8 Bxd8 15. Qxc3 b6 16. e6 Nf6 17. Rd1 Nc6 18. a5 Nxa5 19. e7 1-0

[Event "Oberliga Nord N 0708"]
[Site "Germany"]
[Date "2008.03.09"]
[Round "7.3"]
[White "Dietz, Juergen"]
[Black "Sonnenberger, Joerg"]
[Result "1-0"]
[WhiteElo "2237"]
[BlackElo "2108"]
[PlyCount "47"]
[EventDate "2007.10.21"]
[EventType "team-tourn"]
[EventRounds "9"]
[EventCountry "GER"]
[SourceTitle "EXT 2009"]
[Source "ChessBase"]
[SourceDate "2008.11.26"]
[SourceVersion "1"]
[SourceVersionDate "2008.11.26"]
[SourceQuality "1"]
[WhiteTeam "Hamburg Schachfreunde"]
[BlackTeam "Rostock"]
[WhiteTeamCountry "GER"]
[BlackTeamCountry "GER"]

1. f4 f5 2. e4 fxe4 3. Nc3 d5 4. Qh5+ g6 5. Qxd5 Nf6 6. Qxd8+ Kxd8 7. b3 Nc6 8. Bb2 Bg4 9. h3 Nd4 10. hxg4 Nxc2+ 11. Kd1 Nxa1 12. Bxa1 Bg7 13. Nxe4 Nxe4 14. Bxg7 Nf2+ 15. Ke1 Nxh1 16. Bxh8 Ng3 17. Bd3 Ke8 18. Bc3 Rd8 19. Bc2 c5 20. Nf3 b5 21. Be5 h5 22. Bxg6+ Kd7 23. gxh5 Rg8 24. Nh4 1-0

[Event "Oberliga Nord N 0708"]
[Site "Germany"]
[Date "2007.12.09"]
[Round "4.5"]
[White "Sonnenberger, Joerg"]
[Black "Becker, Mario"]
[Result "0-1"]
[WhiteElo "2108"]
[BlackElo "2152"]
[PlyCount "86"]
[EventDate "2007.10.21"]
[EventType "team-tourn"]
[EventRounds "9"]
[EventCountry "GER"]
[SourceTitle "EXT 2009"]
[Source "ChessBase"]
[SourceDate "2008.11.26"]
[SourceVersion "1"]
[SourceVersionDate "2008.11.26"]
[SourceQuality "1"]
[WhiteTeam "Rostock"]
[BlackTeam "St Pauli"]
[WhiteTeamCountry "GER"]
[BlackTeamCountry "GER"]

1. f4 d5 2. Nf3 g6 3. e3 Bg7 4. d4 Nh6 5. c4 c6 6. Nc3 0-0 7. Bd3 dxc4 8. Bxc4 c5 9. dxc5 Qxd1+ 10. Kxd1 Bxc3 11. bxc3 Nc6 12. Nd4 e5 13. Nxc6 bxc6 14. e4 Ng4 15. Kc2 Be6 16. Ba6 f5 17. h3 Nf2 18. Rf1 Nxe4 19. Bb7 Rad8 20. Bxc6 Bc4 21. Rf3 Be2 22. Ba3 Rd2+ 23. Kb3 Rb8+ 24. Bb4 a5 25. Bxe4 fxe4 26. Re3 axb4 27. Rxe4 bxc3+ 28. Kxc3 Rbb2 29. Rxe5 Rbc2+ 30. Kb3 Bc4+ 31. Kb4 Bxa2 32. Rae1 Rxg2 33. Re8+ Kg7 34. Kb5 Bd5 35. Kb6 Rgf2 36. R1e7+ Bf7 37. Rb8 Rxf4 38. Rbb7 Rb4+ 39. Kc6 Rxb7 40. Rxb7 Kf6 41. Kd6 Rd2+ 42. Kc7 Be6 43. h4 Rd7+ 0-1

[Event "Oberliga Nord N 0708"]
[Site "Germany"]
[Date "2007.11.04"]
[Round "2.5"]
[White "Sonnenberger, Joerg"]
[Black "Lampe, Joerg"]
[Result "1-0"]
[WhiteElo "2108"]
[BlackElo "2235"]
[PlyCount "61"]
[EventDate "2007.10.21"]
[EventType "team-tourn"]
[EventRounds "9"]
[EventCountry "GER"]
[SourceTitle "EXT 2009"]
[Source "ChessBase"]
[SourceDate "2008.11.26"]
[SourceVersion "1"]
[SourceVersionDate "2008.11.26"]
[SourceQuality "1"]
[WhiteTeam "Rostock"]
[BlackTeam "Koenigsspringer"]
[WhiteTeamCountry "GER"]
[BlackTeamCountry "GER"]

1. f4 d5 2. Nf3 Bg4 3. e3 Nd7 4. h3 Bxf3 5. Qxf3 c6 6. d4 Ngf6 7. Bd3 g6 8. 0-0 Bg7 9. Nd2 0-0 10. c3 e6 11. a4 c5 12. b4 cxb4 13. cxb4 Rc8 14. Qe2 Ne8 15. Ba3 Nd6 16. b5 Nf6 17. Bc5 b6 18. Bxd6 Qxd6 19. a5 Rc3 20. Nf3 Ne4 21. Bxe4 dxe4 22. Ne5 Bxe5 23. fxe5 Qd5 24. axb6 axb6 25. Ra7 Qd8 26. Qf2 Rc7 27. Ra6 Rc3 28. Qf4 Rb3 29. Qh6 Rxb5 30. Rf4 Rb1+ 31. Kh2 1-0

[Event "Oberliga Nord N 0607"]
[Site "Germany"]
[Date "2006.10.29"]
[Round "2.5"]
[White "Sonnenberger, Joerg"]
[Black "Moeller, Hendrik"]
[Result "1/2-1/2"]
[WhiteElo "2111"]
[BlackElo "2144"]
[PlyCount "88"]
[EventDate "2006.10.15"]
[EventType "team-tourn"]
[EventRounds "9"]
[EventCountry "GER"]
[SourceTitle "EXT 2019"]
[Source "ChessBase"]
[SourceDate "2018.10.10"]
[SourceVersion "1"]
[SourceVersionDate "2018.10.10"]
[SourceQuality "1"]
[WhiteTeam "Rostock"]
[BlackTeam "Hamburger SK III"]
[WhiteTeamCountry "GER"]
[BlackTeamCountry "GER"]

1. f4 c5 2. Nf3 Nc6 3. b3 Nf6 4. Bb2 d5 5. g3 Bf5 6. Bg2 e6 7. 0-0 h6 8. e3 Be7 9. h3 Bh7 10. d3 Qb6 11. Nbd2 0-0 12. Kh2 c4 13. dxc4 Qxe3 14. Ne5 Nxe5 15. fxe5 Ne4 16. Nxe4 Bxe4 17. Re1 Qc5 18. Bxe4 dxe4 19. Qe2 f5 20. exf6 Bxf6 21. Bxf6 Rxf6 22. Rf1 Raf8 23. Rxf6 Rxf6 24. Rf1 Rxf1 25. Qxf1 Qe3 26. Qg2 Kf7 27. h4 Kf6 28. Qf1+ Qf3 29. Kg1 e5 30. Qf2 Ke6 31. a4 Qd1+ 32. Kg2 Qd4 33. Qe2 a5 34. Kh3 e3 35. Kg2 Qd2 36. Kf1 Qc1+ 37. Qe1 e2+ 38. Kf2 Qxc2 39. Qxa5 Qxb3 40. Qd5+ Kf6 41. Kxe2 Qxa4 42. Qf3+ Ke6 43. Qd5+ Kf6 44. Qf3+ Ke6 1/2-1/2

[Event "Oberliga Nord N 0506"]
[Site "Germany"]
[Date "2005.11.13"]
[Round "2.2"]
[White "Zimmermann, Julian"]
[Black "Sonnenberger, Joerg"]
[Result "1-0"]
[WhiteElo "2316"]
[BlackElo "2136"]
[PlyCount "43"]
[EventDate "2005.10.23"]
[EventType "team-tourn"]
[EventRounds "9"]
[EventCountry "GER"]
[SourceTitle "EXT 2007"]
[Source "ChessBase"]
[SourceDate "2006.11.23"]
[SourceVersion "1"]
[SourceVersionDate "2006.11.23"]
[SourceQuality "1"]
[WhiteTeam "Hamburg Koenigsspringer"]
[BlackTeam "Rostock"]
[WhiteTeamCountry "GER"]
[BlackTeamCountry "GER"]

1. e4 c5 2. Nf3 Nc6 3. Nc3 d6 4. d4 cxd4 5. Nxd4 g6 6. Be3 Bg7 7. Qd2 Nf6 8. f3 0-0 9. Bc4 a6 10. 0-0-0 Nxd4 11. Bxd4 b5 12. Bb3 Bd7 13. h4 h5 14. g4 e5 15. Be3 hxg4 16. h5 Nxh5 17. fxg4 Nf4 18. Qh2 Re8 19. Rxd6 Qe7 20. Qh7+ Kf8 21. Bc5 Ne6 22. Bxe6 1-0

[Event "Oberliga Nord N 0506"]
[Site "Germany"]
[Date "2005.10.23"]
[Round "1.4"]
[White "Sonnenberger, Joerg"]
[Black "Gottuk, Stefan"]
[Result "0-1"]
[WhiteElo "2136"]
[BlackElo "2280"]
[PlyCount "108"]
[EventDate "2005.10.23"]
[EventType "team-tourn"]
[EventRounds "9"]
[EventCountry "GER"]
[SourceTitle "EXT 2007"]
[Source "ChessBase"]
[SourceDate "2006.11.23"]
[SourceVersion "1"]
[SourceVersionDate "2006.11.23"]
[SourceQuality "1"]
[WhiteTeam "Rostock"]
[BlackTeam "Hamburg Diogenes"]
[WhiteTeamCountry "GER"]
[BlackTeamCountry "GER"]

1. f4 d5 2. Nf3 Bg4 3. e3 Nc6 4. h3 Bxf3 5. Qxf3 e5 6. Bb5 e4 7. Qe2 Qd6 8. 0-0 a6 9. Ba4 0-0-0 10. d4 f5 11. Bd2 h5 12. a3 Be7 13. b4 Na7 14. Bb3 c6 15. c4 Nf6 16. Nc3 Kd7 17. Rfb1 Ke6 18. a4 Rb8 19. b5 axb5 20. axb5 Nc8 21. Na4 Kf7 22. Ba5 b6 23. c5 bxc5 24. dxc5 Qe6 25. bxc6 Ra8 26. Qd2 Qxc6 27. Nc3 Bxc5 28. Nxd5 Kg6 29. Rc1 Rb8 30. Rab1 Rxb3 31. Rxb3 Qxd5 32. Qxd5 Bxe3+ 33. Rxe3 Nxd5 34. Rg3+ Kf7 35. Bc3 Rg8 36. Be5 Nce7 37. Ra3 Rd8 38. Ra7 g6 39. Kf2 Ke6 40. Ke2 Kf7 41. Rc4 Ke6 42. Ra6+ Kf7 43. Kf2 Rd7 44. Rd4 Rb7 45. Rd1 Nb4 46. Rf6+ Ke8 47. Bd6 Nd3+ 48. Kf1 Nd5 49. Rf8+ Kd7 50. Bc5 Rb5 51. Bd4 Rb4 52. Bg1 Ke7 53. Rxd3 Rb1+ 54. Kf2 exd3 0-1

[Event "Oberliga Nord N 0405"]
[Site "Germany"]
[Date "2004.11.28"]
[Round "3.6"]
[White "Sonnenberger, Joerg"]
[Black "Jochens, Arne"]
[Result "1/2-1/2"]
[WhiteElo "2099"]
[BlackElo "2174"]
[PlyCount "159"]
[EventDate "2004.10.24"]
[EventType "team-tourn"]
[EventRounds "9"]
[EventCountry "GER"]
[SourceTitle "EXT 2006"]
[Source "ChessBase"]
[SourceDate "2005.11.24"]
[SourceVersion "1"]
[SourceVersionDate "2005.11.24"]
[SourceQuality "1"]
[WhiteTeam "Rostock Polizei"]
[BlackTeam "Kiel Meerbauer"]
[WhiteTeamCountry "GER"]
[BlackTeamCountry "GER"]

1. f4 c5 2. Nf3 g6 3. e4 Bg7 4. Nc3 Nc6 5. g3 e6 6. Bg2 Nge7 7. 0-0 0-0 8. d3 Rb8 9. Be3 Nd4 10. Rb1 b5 11. Ne2 Nxf3+ 12. Bxf3 Qc7 13. c3 d5 14. e5 c4 15. dxc4 dxc4 16. Qd6 Qxd6 17. exd6 Nd5 18. Bxa7 Ra8 19. Bc5 Bb7 20. a3 Rfd8 21. Nd4 Rac8 22. Bxd5 Bxd5 23. Bb4 Rb8 24. Rbe1 Bf8 25. Re5 Bxd6 26. Rxd5 exd5 27. Nc6 Bxb4 28. axb4 Ra8 29. Nxd8 Rxd8 30. Rd1 d4 31. cxd4 Kf8 32. Kf2 Ra8 33. Ke3 Ra4 34. Ke4 Rxb4 35. Rd2 Ke7 36. Kd5 Kd7 37. Re2 Rb3 38. Kc5 c3 39. bxc3 Rxc3+ 40. Kxb5 h5 41. Kb4 Rc1 42. Re3 Rc2 43. h3 Kd6 44. Rc3 Rh2 45. h4 Kd5 46. Rc7 Rb2+ 47. Kc3 Rg2 48. Rc5+ Kd6 49. Rg5 Rg1 50. Kd2 Ke6 51. Ke2 Rg2+ 52. Kf3 Rd2 53. Ke4 Re2+ 54. Kd3 Rg2 55. Ke3 Rg1 56. d5+ Kd6 57. f5 gxf5 58. Kf2 Rd1 59. Rxf5 Rxd5 60. Rxf7 Ke5 61. Ke3 Ra5 62. Rh7 Kf6 63. Rh6+ Kg7 64. Re6 Kf7 65. Rd6 Kg7 66. Kf4 Ra4+ 67. Ke5 Rg4 68. Rd3 Kg6 69. Rf3 Kg7 70. Kf5 Kf7 71. Ra3 Kg7 72. Rb3 Kf7 73. Rb7+ Kg8 74. Kf6 Rxg3 75. Rb5 Ra3 76. Rg5+ Kf8 77. Kg6 Kg8 78. Kxh5+ Kh7 79. Rb5 Ra7 80. Kg5 1/2-1/2

[Event "Oberliga Nord N 0304"]
[Site "Germany"]
[Date "2004.04.25"]
[Round "9.7"]
[White "Petersen, Wolfgang"]
[Black "Sonnenberger, Joerg"]
[Result "1/2-1/2"]
[WhiteElo "2013"]
[BlackElo "2101"]
[PlyCount "21"]
[EventDate "2003.10.12"]
[EventType "team-tourn"]
[EventRounds "9"]
[EventCountry "GER"]
[SourceTitle "EXT 2005"]
[Source "ChessBase"]
[SourceDate "2004.11.15"]
[SourceVersion "1"]
[SourceVersionDate "2004.11.15"]
[SourceQuality "1"]
[WhiteTeam "Neumuenster"]
[BlackTeam "Rostock Polizei"]
[WhiteTeamCountry "GER"]
[BlackTeamCountry "GER"]

1. d4 d5 2. Nf3 Nf6 3. e3 c6 4. Nbd2 Bg4 5. Be2 Nbd7 6. h3 Bh5 7. a3 Qc7 8. c4 e6 9. 0-0 Be7 10. b3 0-0 11. Qc2 1/2-1/2

[Event "Oberliga Nord N 0304"]
[Site "Germany"]
[Date "2003.11.02"]
[Round "2.6"]
[White "Kahlert, Thomas"]
[Black "Sonnenberger, Joerg"]
[Result "1-0"]
[WhiteElo "2277"]
[BlackElo "2101"]
[PlyCount "120"]
[EventDate "2003.10.12"]
[EventType "team-tourn"]
[EventRounds "9"]
[EventCountry "GER"]
[SourceTitle "EXT 2005"]
[Source "ChessBase"]
[SourceDate "2004.11.15"]
[SourceVersion "1"]
[SourceVersionDate "2004.11.15"]
[SourceQuality "1"]
[WhiteTeam "Norderstedt"]
[BlackTeam "Rostock Polizei"]
[WhiteTeamCountry "GER"]
[BlackTeamCountry "GER"]

1. c4 c5 2. Nf3 Nc6 3. Nc3 Nf6 4. g3 e6 5. Bg2 d5 6. cxd5 exd5 7. d4 c4 8. 0-0 Be6 9. Ne5 Bb4 10. Bg5 0-0 11. e3 Be7 12. b3 Rc8 13. bxc4 dxc4 14. Nxc6 bxc6 15. Qa4 Nd5 16. Bxe7 Qxe7 17. Rfc1 Rfd8 18. Ne4 Nb6 19. Qa5 Kf8 20. Qh5 h6 21. Nc5 Bd5 22. e4 Be6 23. Nxe6+ fxe6 24. Rd1 Qf6 25. a4 Nd7 26. Rac1 e5 27. Rxc4 Nb6 28. Rc3 Kg8 29. a5 Na4 30. Rf3 Qe7 31. Bh3 Rb8 32. d5 cxd5 33. exd5 e4 34. Be6+ Kh8 35. Rf7 Qg5 36. Qxg5 hxg5 37. Rf5 Nc5 38. Re1 Rb5 39. Bf7 g6 40. Rxg5 Kg7 41. Bxg6 Kf6 42. h4 Rxa5 43. Bxe4 Nxe4 44. Rxe4 Rdxd5 45. Rxd5 Rxd5 46. g4 a5 47. Kg2 Rb5 48. f3 Rb4 49. Re8 a4 50. Ra8 Kg6 51. Kg3 Rc4 52. Ra6+ Kg7 53. h5 Rb4 54. g5 Kh7 55. Ra7+ Kg8 56. h6 Kh8 57. g6 Rb8 58. Rxa4 Rg8 59. g7+ Kh7 60. Ra6 Rb8 1-0

[Event "JBLN Ost 0102"]
[Site "Germany"]
[Date "2002.01.27"]
[Round "?"]
[White "Sonnenberger, Joerg"]
[Black "Neyman, Igor"]
[Result "1-0"]
[WhiteElo "1938"]
[BlackElo "2176"]
[PlyCount "101"]
[EventDate "2002.10.??"]
[EventType "team-tourn"]
[EventRounds "9"]
[EventCountry "GER"]
[SourceTitle "EXT 2005"]
[Source "ChessBase"]
[SourceDate "2004.11.15"]
[SourceVersion "1"]
[SourceVersionDate "2004.11.15"]
[SourceQuality "1"]

1. f4 d5 2. Nf3 Nf6 3. e3 g6 4. b4 Bg7 5. Bb2 c6 6. Bd3 a5 7. b5 Nbd7 8. 0-0 Nc5 9. Be2 a4 10. Ne5 Qb6 11. Na3 0-0 12. Bd4 Nfd7 13. Rb1 Qc7 14. Nxd7 Nxd7 15. Bxg7 Kxg7 16. c4 Qd6 17. Qc1 d4 18. Qb2 c5 19. e4 e5 20. d3 exf4 21. Qd2 b6 22. Rxf4 f6 23. Rbf1 Ne5 24. R4f2 g5 25. Qd1 Bd7 26. Nb1 Ng6 27. Bg4 Nf4 28. Bxd7 Qxd7 29. a3 h5 30. Rxf4 gxf4 31. Rxf4 Rh8 32. Rf5 Qe8 33. Qf3 Rh6 34. Qg3+ Kh8 35. Nd2 Qg8 36. Qf4 Qg7 37. Nf3 Rg8 38. g3 Re8 39. e5 Re6 40. h4 Kg8 41. Kg2 Qg4 42. exf6 Qxf4 43. f7+ Kf8 44. Rxf4 Rhf6 45. Ne5 Rxf4 46. gxf4 Rh6 47. Kf3 Ke7 48. Ke4 Rh7 49. f5 Kf8 50. f6 Rh6 51. Kd5 1-0

[Event "JBLN Ost 0102"]
[Site "Germany"]
[Date "2001.12.09"]
[Round "?"]
[White "Waechter, Thomas"]
[Black "Sonnenberger, Joerg"]
[Result "0-1"]
[WhiteElo "1699"]
[BlackElo "1938"]
[PlyCount "116"]
[EventDate "2002.10.??"]
[EventType "team-tourn"]
[EventRounds "9"]
[EventCountry "GER"]
[SourceTitle "EXT 2005"]
[Source "ChessBase"]
[SourceDate "2004.11.15"]
[SourceVersion "1"]
[SourceVersionDate "2004.11.15"]
[SourceQuality "1"]

1. e4 c5 2. Nf3 Nc6 3. Bb5 a6 4. Bxc6 bxc6 5. 0-0 d5 6. d3 e6 7. Nbd2 Ne7 8. Ne5 Qc7 9. f4 Ng6 10. Ndf3 Bd6 11. Nxg6 hxg6 12. e5 Be7 13. c3 a5 14. Be3 Ba6 15. Qc2 Rb8 16. Rfd1 0-0 17. c4 Qb6 18. b3 Rfc8 19. Nd2 Rc7 20. Bf2 Ra7 21. Rdb1 Qc7 22. Rb2 Rab7 23. Rab1 g5 24. fxg5 Qxe5 25. Nf3 Qc7 26. Qd2 Bd6 27. h4 Re8 28. h5 e5 29. Nh4 e4 30. dxe4 Bf4 31. Be3 Rxe4 32. Bxf4 Qxf4 33. Qxf4 Rxf4 34. Nf3 dxc4 35. bxc4 Rxb2 36. Rxb2 Bxc4 37. g6 Kf8 38. Rb8+ Ke7 39. Rb7+ Kd6 40. h6 gxh6 41. g7 Rg4 42. Rd7+ Ke6 43. Ra7 Rxg7 44. Rxa5 Bd5 45. Ne1 c4 46. Kf2 Rg4 47. Ra8 c3 48. Ra3 Rc4 49. Nd3 c2 50. Nc1 Be4 51. Ke3 f5 52. g3 Kd5 53. Rb3 Rd4 54. Rc3 Rd1 55. Ne2 c5 56. a3 c4 57. Nf4+ Ke5 58. Ne2 Bd3 0-1

[Event "GER-chT Landesliga"]
[Site "Greifswald"]
[Date "2001.07.29"]
[Round "1.2"]
[White "Sonnenberger, Joerg"]
[Black "Overbeck, Thorsten"]
[Result "1/2-1/2"]
[WhiteElo "1944"]
[BlackElo "2153"]
[PlyCount "52"]
[EventDate "2001.07.29"]
[EventType "team"]
[EventRounds "7"]
[EventCountry "GER"]
[SourceTitle "EXT 2003"]
[Source "ChessBase"]
[SourceDate "2002.11.25"]
[SourceVersion "1"]
[SourceVersionDate "2002.11.25"]
[SourceQuality "1"]

1. f4 d5 2. Nf3 Nf6 3. e3 Bg4 4. h3 Bxf3 5. Qxf3 Nbd7 6. d4 e6 7. Bd3 c5 8. c3 Bd6 9. 0-0 Qb6 10. Kh1 0-0-0 11. Nd2 Kb8 12. a3 Rhg8 13. b4 cxd4 14. exd4 g5 15. Nb3 g4 16. Qf2 gxh3 17. gxh3 Nh5 18. Rg1 Rxg1+ 19. Qxg1 f5 20. Bd2 Ndf6 21. Qf2 Qc7 22. Nc5 Qf7 23. Rg1 Rg8 24. Qh2 Rxg1+ 25. Kxg1 Ne4 26. Be1 Nhf6 1/2-1/2

[Event "JBLN Ost 0001"]
[Site "Germany"]
[Date "2001.05.05"]
[Round "?"]
[White "Sonnenberger, Joerg"]
[Black "Behm, Wilfried"]
[Result "1-0"]
[WhiteElo "1722"]
[BlackElo "1204"]
[PlyCount "49"]
[EventDate "2000.??.??"]
[EventType "team-tourn"]
[EventRounds "9"]
[EventCountry "GER"]
[SourceTitle "EXT 2003"]
[Source "ChessBase"]
[SourceDate "2002.11.25"]
[SourceVersion "1"]
[SourceVersionDate "2002.11.25"]
[SourceQuality "1"]

1. f4 d5 2. Nf3 Bg4 3. e3 Nf6 4. h3 Bxf3 5. Qxf3 e6 6. b3 Ne4 7. g3 Be7 8. Bb2 Nxg3 9. Rg1 Nf5 10. Bd3 Bf6 11. Nc3 c6 12. 0-0-0 Nd7 13. e4 Nd4 14. Qg4 dxe4 15. Nxe4 g6 16. Nxf6+ Nxf6 17. Qg5 Nh5 18. Qe5 f6 19. Qxd4 Qxd4 20. Bxd4 Nxf4 21. Bf1 e5 22. Bf2 b6 23. Bg3 Nd5 24. Bg2 Rd8 25. a3 1-0